[Event "Regionalliga SW 1011"]
[Site "Bayern"]
[Date "2011.04.10"]
[Round "9.7"]
[White "Gerber, Helmut"]
[Black "Roell, Horst"]
[Result "1/2-1/2"]
[WhiteElo "1714"]
[BlackElo "1776"]
[PlyCount "22"]
[EventDate "2010.10.10"]
[EventType "team-tourn"]
[EventRounds "9"]
[EventCountry "GER"]
[SourceTitle "EXT 2012"]
[Source "ChessBase"]
[SourceDate "2011.11.24"]
[SourceVersion "1"]
[SourceVersionDate "2011.11.24"]
[SourceQuality "1"]
[WhiteTeam "Goeggingen"]
[BlackTeam "Tuerkheim/Bad Woerishofen"]
[WhiteTeamCountry "GER"]
[BlackTeamCountry "GER"]

1. d4 f5 2. c4 Nf6 3. g3 e6 4. Nc3 d5 5. Bg2 c6 6. Nf3 Bd6 7. b3 0-0 8. 0-0 Nbd7 9. Qc2 Ne4 10. Bb2 Ndf6 11. e3 Nxc3 1/2-1/2

[Event "Regionalliga SW 9900"]
[Site "Bayern"]
[Date "1999.??.??"]
[Round "1.8"]
[White "Englert, Jan"]
[Black "Roell, Horst"]
[Result "1/2-1/2"]
[WhiteElo "1940"]
[BlackElo "1900"]
[PlyCount "140"]
[EventDate "1999.??.??"]
[EventType "team-tourn"]
[EventRounds "9"]
[EventCountry "GER"]
[SourceTitle "EXT 2020"]
[Source "ChessBase"]
[SourceDate "2019.10.17"]
[SourceVersion "1"]
[SourceVersionDate "2019.10.17"]
[SourceQuality "1"]
[WhiteTeam "Garching"]
[BlackTeam "Tuerkheim"]
[WhiteTeamCountry "GER"]
[BlackTeamCountry "GER"]

1. e4 e5 2. Nf3 Nf6 3. Nc3 Bb4 4. a3 Bxc3 5. dxc3 d6 6. Bc4 h6 7. 0-0 0-0 8. Re1 Nc6 9. h3 Be6 10. Bf1 Nh7 11. Bd3 f5 12. exf5 Bxf5 13. Bxf5 Rxf5 14. Qd5+ Kh8 15. Qe4 Rf7 16. Rd1 Qf6 17. Be3 g5 18. Nh2 Qf5 19. Qxf5 Rxf5 20. Nf3 Kg7 21. c4 b6 22. b4 Ne7 23. Nd2 Rf7 24. Ne4 Rd8 25. c5 d5 26. c4 d4 27. cxb6 cxb6 28. c5 Nc8 29. Rac1 Rdf8 30. Bd2 Nf6 31. Nxf6 Rxf6 32. f3 b5 33. Be1 Ne7 34. Bg3 Nc6 35. Re1 Re6 36. Re4 Kf6 37. Be1 a6 38. Ra1 Rd8 39. h4 d3 40. hxg5+ hxg5 41. Bd2 Nd4 42. Rd1 Nc2 43. Rg4 Rd4 44. Bxg5+ Kf5 45. Rxd4 Nxd4 46. Be3 Ne2+ 47. Kf2 e4 48. Rh1 exf3 49. gxf3 Nc3 50. Rh5+ Kg6 51. Rh6+ Kf5 52. Rxe6 Kxe6 53. Ke1 Nb1 54. Bc1 d2+ 55. Bxd2 Nxa3 56. Ke2 Kd5 57. Kd3 a5 58. bxa5 Kxc5 59. f4 Nc4 60. Be3+ Kc6 61. a6 Nd6 62. Kc3 Ne4+ 63. Kb4 Nf6 64. Kb3 Nd5 65. f5 Nxe3 66. f6 Nf5 67. f7 Nd4+ 68. Kb4 Ne6 69. a7 Kb7 70. Kxb5 Kxa7 1/2-1/2

[Event "Regionalliga SW 9798"]
[Site "Bayern"]
[Date "1998.??.??"]
[Round "?.8"]
[White "Poehlmann, Philipp"]
[Black "Roell, Horst"]
[Result "0-1"]
[WhiteElo "1610"]
[BlackElo "1910"]
[PlyCount "88"]
[EventDate "1997.10.??"]
[EventType "team-tourn"]
[EventRounds "9"]
[EventCountry "GER"]
[SourceTitle "EXT 2020"]
[Source "ChessBase"]
[SourceDate "2019.10.17"]
[SourceVersion "1"]
[SourceVersionDate "2019.10.17"]
[SourceQuality "1"]
[WhiteTeam "Muenchen 36 II"]
[BlackTeam "Tuerkheim"]
[WhiteTeamCountry "GER"]
[BlackTeamCountry "GER"]

1. d4 d5 2. c4 c6 3. Nc3 Nf6 4. Nf3 e6 5. Bg5 Nbd7 6. cxd5 exd5 7. g3 Bd6 8. Bg2 0-0 9. 0-0 h6 10. Bc1 Re8 11. Qc2 Nf8 12. Re1 Bg4 13. Nh4 Qd7 14. Na4 g5 15. Nf3 Bf5 16. Qb3 Ne4 17. Nd2 b6 18. Nc3 Nxc3 19. bxc3 b5 20. e4 dxe4 21. Nxe4 Bxe4 22. Rxe4 Rxe4 23. Bxe4 Re8 24. Bf3 Re1+ 25. Kg2 g4 26. Bd1 Qf5 27. Qc2 Qh5 28. h4 gxh3+ 29. Kh2 Qxd1 30. Qxd1 Rxd1 31. Kxh3 Ba3 32. Bb2 Rxa1 33. Bxa1 Kh7 34. Kg4 Kg6 35. Kf4 Nd7 36. Ke3 Kf5 37. f3 h5 38. Kd3 Nb6 39. Kc2 Bd6 40. g4+ hxg4 41. fxg4+ Kxg4 42. Bb2 f5 43. Kd3 Nc4 44. Bc1 Bf4 0-1